Library Banner

ملت بیضا پر ایک عمرانی نظر (Record no. 71084)

MARC details
000 -LEADER
fixed length control field 00418nam a22001457a 4500
005 - DATE AND TIME OF LATEST TRANSACTION
control field 20150513114913.0
008 - FIXED-LENGTH DATA ELEMENTS--GENERAL INFORMATION
fixed length control field 150513b xxu||||| |||| 00| 0 eng d
040 ## - CATALOGING SOURCE
Transcribing agency PK-LaUMT
082 ## - DEWEY DECIMAL CLASSIFICATION NUMBER
Classification number KHC 306.697
Item number ZAF-M
100 ## - MAIN ENTRY--PERSONAL NAME
Personal name ظفر علی خان
245 ## - TITLE STATEMENT
Title ملت بیضا پر ایک عمرانی نظر
Statement of responsibility, etc ظفر علی خان
260 ## - PUBLICATION, DISTRIBUTION, ETC. (IMPRINT)
Place of publication, distribution, etc لاہور
Name of publisher, distributor, etc مکتبہ عالیہ
Date of publication, distribution, etc [N.D]
300 ## - PHYSICAL DESCRIPTION
Extent 28 ص
942 ## - ADDED ENTRY ELEMENTS (KOHA)
Koha item type Books
Holdings
Withdrawn status Lost status Damaged status Home library Current library Date acquired Full call number Barcode Date last seen Price effective from Koha item type
      UMT Main Campus UMT Main Campus 2015-05-13 KHC 306.697 ZAF-M 71100 2015-05-13 2015-05-13 Books